An introduction to plant taxonomy / (Record no. 72695)
[ view plain ]
| 000 -LEADER | |
|---|---|
| fixed length control field | 00766nam a2200241 a 4500 |
| 001 - CONTROL NUMBER | |
| control field | 72695 |
| 003 - CONTROL NUMBER IDENTIFIER | |
| rucl marc code | BD-RjUL |
| 005 - DATE AND TIME OF LATEST TRANSACTION | |
| control field | 20211209082311.0 |
| 008 - FIXED-LENGTH DATA ELEMENTS--GENERAL INFORMATION | |
| fixed length control field | 170522r19681955nyua 001 0 eng d |
| 035 ## - SYSTEM CONTROL NUMBER | |
| System control number | (BD-RjUL)72913 |
| 040 ## - CATALOGING SOURCE | |
| Original cataloging agency | DLC |
| Transcribing agency | Wa |
| Modifying agency | BD-RjUL |
| Language of cataloging | eng |
| 041 ## - LANGUAGE CODE | |
| Language code of text/sound track or separate title | eng |
| 082 00 - DEWEY DECIMAL CLASSIFICATION NUMBER | |
| Edition number | 23 |
| Classification number | 580.12 |
| Author mark and year | LAI 1968 |
| 100 1# - MAIN ENTRY--PERSONAL NAME | |
| Personal name | Lawrence, George Hill Mathewson. |
| Dates associated with a name | 1910- |
| 9 (RLIN) | 215038 |
| 245 13 - TITLE STATEMENT | |
| Title | An introduction to plant taxonomy / |
| Statement of responsibility, etc. | George Hill Mathewson Lawrence ; Illus. by Marion Ruff Sheehan. |
| 260 ## - PUBLICATION, DISTRIBUTION, ETC. (IMPRINT) | |
| Place of publication, distribution, etc. | New York : |
| Name of publisher, distributor, etc. | Macmillan Co., |
| Date of publication, distribution, etc. | c1955 [Reprint 1968] |
| 300 ## - PHYSICAL DESCRIPTION | |
| Pagination | 179 p. : |
| Illustrations | ill. ; |
| Size | 22 cm. |
| 500 ## - GENERAL NOTE | |
| General note | Includes indexes. |
| 650 ## - SUBJECT ADDED ENTRY--TOPICAL TERM | |
| Topical term or geographic name as entry element | Plants |
| Geographic subdivision | Classification. |
| 9 (RLIN) | 215039 |
| Topical term or geographic name as entry element | Plants |
| Geographic subdivision | North America |
| 9 (RLIN) | 215040 |
| 942 ## - ADDED ENTRY ELEMENTS (KOHA) | |
| Source of classification or shelving scheme | Dewey Decimal Classification |
| Koha item type | Books |
| Lost status | Source of classification or shelving scheme | Damaged status | Not for loan | Collection code | Permanent Location | Current Location | Shelving location | Date acquired | Source of acquisition | Cost, normal purchase price | Total Checkouts | Full call number | Date last seen | Copy number | Koha item type |
|---|---|---|---|---|---|---|---|---|---|---|---|---|---|---|---|
| Dewey Decimal Classification | Not For Loan | Non-fiction | Central Library, University of Rajshahi | Central Library, University of Rajshahi | Reading Room | 17/08/1973 | Euro-Bangla Acdemy | 49.50 | 580.12 LAI 1968 | 22/05/2017 | C-1 | Books |